| LEADER | 00519cam a2200145 7i4500 | ||
|---|---|---|---|
| 001 | 0000021686 | ||
| 005 | 20081009090000.0 | ||
| 020 | 0 | 0 | |a 967-70-1158-8 |
| 090 | 0 | 0 | |a T 382.7 |b MAL (M) |
| 245 | 0 | 4 | |a The Malaysian trade classification and customs duties order 2008/2009 : |b all amendments up to 29 August 2008 (including 2009 budget amendments). |
| 260 | 0 | 0 | |a Kuala Lumpur: |b MDC Publishers, |c 2008. |
| 300 | # | # | |a 831 p. |
| 650 | 0 | 0 | |a Tariff -- |z Malaysia |
| 651 | 0 | 0 | |a Malaysia |
| 999 | |a 0000023108 |b Book |c Tariffs |e Business Information Centre | ||


